<?xml version="1.0" encoding="UTF-8"?><?xml-stylesheet type="text/xsl" href="static/style.xsl"?><OAI-PMH xmlns="http://www.openarchives.org/OAI/2.0/" xmlns:xsi="http://www.w3.org/2001/XMLSchema-instance" xsi:schemaLocation="http://www.openarchives.org/OAI/2.0/ http://www.openarchives.org/OAI/2.0/OAI-PMH.xsd"><responseDate>2026-04-13T07:13:30Z</responseDate><request verb="GetRecord" identifier="oai:www.recercat.cat:2445/216287" metadataPrefix="marc">https://recercat.cat/oai/request</request><GetRecord><record><header><identifier>oai:recercat.cat:2445/216287</identifier><datestamp>2025-12-05T14:42:38Z</datestamp><setSpec>com_2072_1057</setSpec><setSpec>col_2072_478917</setSpec><setSpec>col_2072_478922</setSpec></header><metadata><record xmlns="http://www.loc.gov/MARC21/slim" xmlns:dcterms="http://purl.org/dc/terms/" xmlns:xsi="http://www.w3.org/2001/XMLSchema-instance" xmlns:doc="http://www.lyncode.com/xoai" xsi:schemaLocation="http://www.loc.gov/MARC21/slim http://www.loc.gov/standards/marcxml/schema/MARC21slim.xsd">
   <leader>00925njm 22002777a 4500</leader>
   <datafield ind2=" " ind1=" " tag="042">
      <subfield code="a">dc</subfield>
   </datafield>
   <datafield ind2=" " ind1=" " tag="720">
      <subfield code="a">Freixa Niella, Montserrat</subfield>
      <subfield code="e">author</subfield>
   </datafield>
   <datafield ind2=" " ind1=" " tag="720">
      <subfield code="a">Llanes, Juan</subfield>
      <subfield code="e">author</subfield>
   </datafield>
   <datafield ind2=" " ind1=" " tag="720">
      <subfield code="a">Venceslao, Marta</subfield>
      <subfield code="e">author</subfield>
   </datafield>
   <datafield ind2=" " ind1=" " tag="720">
      <subfield code="a">Corti, Franciele</subfield>
      <subfield code="e">author</subfield>
   </datafield>
   <datafield ind2=" " ind1=" " tag="260">
      <subfield code="c">2024-11-06T17:02:17Z</subfield>
   </datafield>
   <datafield ind2=" " ind1=" " tag="260">
      <subfield code="c">2024-11-06T17:02:17Z</subfield>
   </datafield>
   <datafield ind2=" " ind1=" " tag="260">
      <subfield code="c">2019-06-16</subfield>
   </datafield>
   <datafield ind2=" " ind1=" " tag="260">
      <subfield code="c">2024-11-06T17:02:17Z</subfield>
   </datafield>
   <datafield ind2=" " ind1=" " tag="520">
      <subfield code="a">Introducción: Esta investigación tiene como objetivo indagar en la percepción que tienen los ocupadores del ámbito de la educación secundaria sobre las competencias del profesorado recién graduado, con la finalidad de articular las demandas formativas de los centros con la formación universitaria, al tiempo que incidir en la mejora de esta última. Método: El trabajo se ha llevado a cabo a partir del análisis de la base de datos del estudio Ocupadors a l’àmbitd’Ensenyament, realizado a finales de 2015 por la AQU. Fueron encuestados 281 centros educativos de Cataluña, de los cuales nos centraremos en los 69 centros de enseñanza secundaria y, especialmente, en los 34 centros que incorporaron docentes graduados recientemente. Resultados: La técnica estadística multivariante del Análisis Factorial Exploratorio ha permitido, por una parte, identificar las competencias con más peso en el modelo factorial y, por otra, agrupar las competencias en factores independientes entre ellos. El modelo factorial resultante está compuesto por cuatro dimensiones que han sido analizadas según su importancia, satisfacción y margen de mejora: (1) competencias instrumentales y técnicas; (2) competencias pedagógicas; (3) competencias para la interdisciplinariedad, y (4) competencias sistémicas. Discusión: Los resultados ponen de manifiesto que tanto las pedagógicas como las sistémicas son las competencias que presentan un mayor margen de mejora en la formación inicial. Otro resultado reseñable es la especial importancia que atribuyen a las competencias para la interdisciplinaridad. Ambas cuestiones nos invitan a reflexionar sobre el perfil del docente de secundaria —disciplinar o polivalente—, así como con la formación en competencias de este profesorado.</subfield>
   </datafield>
   <datafield tag="653" ind2=" " ind1=" ">
      <subfield code="a">Catalunya</subfield>
   </datafield>
   <datafield tag="653" ind2=" " ind1=" ">
      <subfield code="a">Formació del professorat</subfield>
   </datafield>
   <datafield tag="653" ind2=" " ind1=" ">
      <subfield code="a">Professors d'educació secundària</subfield>
   </datafield>
   <datafield tag="653" ind2=" " ind1=" ">
      <subfield code="a">Professors novells</subfield>
   </datafield>
   <datafield tag="653" ind2=" " ind1=" ">
      <subfield code="a">Catalonia</subfield>
   </datafield>
   <datafield tag="653" ind2=" " ind1=" ">
      <subfield code="a">Teacher training</subfield>
   </datafield>
   <datafield tag="653" ind2=" " ind1=" ">
      <subfield code="a">High school teachers</subfield>
   </datafield>
   <datafield tag="653" ind2=" " ind1=" ">
      <subfield code="a">First year teachers</subfield>
   </datafield>
   <datafield ind2="0" ind1="0" tag="245">
      <subfield code="a">¿Qué competencias demandan los centros de secundaria al profesorado novel en Cataluña?</subfield>
   </datafield>
   <datafield ind2="0" ind1="0" tag="245">
      <subfield code="a">What competencies do secondary schools require from novice teachers in Catalonia?</subfield>
   </datafield>
</record></metadata></record></GetRecord></OAI-PMH>